LEADER 01949nam a2200253 i 4500 001 000000029617 003 CaOOAMICUS 005 20251017140302.0 008 180830s16291630it u000 u ita u 040 $aSeMil$bita 100 1 $aRodrķguez, Alonso,$c.$0(OLS)http://semarc/name/89675 240 10$aEjercicio de perfeccion y virtudes christianas.$0(OLS)http://semarc/title/456195 245 10$aEssercitio di perfettione e di virtł christiane. Composto dal rev. pad. Alfonso Rodriguez ... Diviso in tre parti ... e tradotto dalla lingua spagnuola nella italiana dal segretario Tiberio Putignano. Parte 1. [-3.]. 260 $aIn Venetia :$bAppresso gli Heredi di Gio. Guerigli,$c1629-1630. 300 $a3 v. ;$c4°. 500 $aLegati insieme i 3 vol. - Testo su due colonne. - Cor. ; rom. - Iniz. xilogr. - Marca : Salvator Mundi: Gesł benedice con la destra e tiene nella sinistra un globo sormontato da una croce. Paesaggio con edifici sullo sfondo. In cornice figurata (O485). 700 1 $aPutignano, Tiberio.$0(OLS)http://semarc/name/13508 700 1 $aGuerigli, Giovanni eredi,$c.$0(OLS)http://semarc/name/13509 774 0 $tParte prima. Di varij mezzi per acquistar la virtł, e la perfettione.$g1$w()228368 774 0 $tParte terza. Dell'essercitio delle virtu appartenenti allo stato religioso, e d'altre cose, ch'aiutano alla perfettione.$g3$w()228369 774 0 $tParte seconda. Dell'essercitio d'alcune virtu appartenenti a tutti quelli, che fanno professione di seruire a Dio.$g2$w()228370 996 $6245$aEssercitio di perfettione e di virtł christiane. Composto dal rev. pad. Alfonso Rodriguez ... Diviso in tre parti ... e tradotto dalla lingua spagnuola nella italiana dal segretario Tiberio Putignano. Parte 1. [-3.]$9(OLS)http://semarc/title/40239 996 $6260$aIn Venetia :$bAppresso gli Heredi di Gio. Guerigli$9(OLS)http://semarc/publisher/38162 LEADER 01010nam a2200217 i 4500 001 000000198468 003 CaOOAMICUS 005 20110302000000.0 008 110302s1863 it u000 u ita u 013 $a177156 040 $aSeMil$bita 245 13$aUn'ottobrata a Montemario :$bconversazioni sopra il potere temporale dei papi. 260 $aRoma :$bCoi tipi della Civiltą Cattolica,$c1863. 300 $a110 p. ;$c22 cm. 500 $aIn appendice: L'inerzia del governo pontificio. - Estratte dalla Civiltą Cattolica, fasc. n. 306-309 (dec. 1862-febb. 1863). 650 4$aPapato - Potere temporale.$0(OLS)http://semarc/subject/4991 773 0 $t[Miscellanea.$w()24475 850 $aSeMil 852 $aSeMil$W1$xVenegono$y1$m5B I 5/2 FA$j149024$B149024$CSeMilBibl$Z2$F160424 $8I 996 $6245$aUn'ottobrata a Montemario :$bconversazioni sopra il potere temporale dei papi$9(OLS)http://semarc/title/286797 996 $6260$aRoma :$bCoi tipi della Civiltą Cattolica$9(OLS)http://semarc/publisher/37742